000
00183nam a2200097Ia 4500
100
_a
CIMI-DGET
942
_c
BK
245
_a
Tool & Die Maker Theory.
260
_b
CIMI
300
_a
212
999
_c
18794
_d
18794